| 000 | 00646nam a22001937a 4500 | ||
|---|---|---|---|
| 003 | OSt | ||
| 005 | 20260213024201.0 | ||
| 008 | 260213b |||||||| |||| 00| 0 eng d | ||
| 020 | _a9780316013116 | ||
| 040 |
_aDWCL-Main Lib _cOC |
||
| 082 | _aProf. 155.2 Y71 2008 | ||
| 100 | _aYOung - Eisendrath, Polly | ||
| 245 | _aThe self-esteem trap : raising confident and compassionate kids in an age of self-importance | ||
| 260 |
_aNew York : _bLittle Brown and Company, _cc2008 |
||
| 300 |
_a248 pages ; _c21 cm. |
||
| 504 | _aIncludes index and bibliographical references | ||
| 650 | _aSelf - esteem in children. | ||
| 942 |
_2ddc _cPROF. _mProf. _n0 |
||
| 999 |
_c8393 _d8393 |
||